000 00349nam a2200133Ia 4500
005 20260328101516.0
008 260328s9999||||xx |||||||||||||| ||und||
100 _aMontoto, Santiago
245 0 _aLa Catedral y el Alcázar de Sevilla /
_cSantiago Montoto
260 _bPlus Ultra
300 _a156 p.
650 _aARQUITECTURA REGIONAL
942 _cBK
999 _c9402
_d9402